<?xml version="1.0" encoding="UTF-8"?>
<record
    xmlns:xsi="http://www.w3.org/2001/XMLSchema-instance"
    xsi:schemaLocation="http://www.loc.gov/MARC21/slim http://www.loc.gov/standards/marcxml/schema/MARC21slim.xsd"
    xmlns="http://www.loc.gov/MARC21/slim">

  <leader>01576nam0a22003012i 4500</leader>
  <controlfield tag="001">RU\VMP\43195</controlfield>
  <controlfield tag="005">20250107113942.0</controlfield>
  <datafield tag="100" ind1=" " ind2=" ">
    <subfield code="a">20150331d1976    |||y0rusy5050    ca</subfield>
  </datafield>
  <datafield tag="101" ind1=" " ind2=" ">
    <subfield code="a">rus</subfield>
  </datafield>
  <datafield tag="102" ind1=" " ind2=" ">
    <subfield code="a">RU</subfield>
  </datafield>
  <datafield tag="105" ind1=" " ind2=" ">
    <subfield code="a">y   |||||||||</subfield>
  </datafield>
  <datafield tag="200" ind1="1" ind2=" ">
    <subfield code="a">&#x418;&#x441;&#x441;&#x43B;&#x435;&#x434;&#x43E;&#x432;&#x430;&#x43D;&#x438;&#x44F; &#x438; &#x43D;&#x430;&#x445;&#x43E;&#x434;&#x43A;&#x438;</subfield>
  </datafield>
  <datafield tag="210" ind1=" " ind2=" ">
    <subfield code="a">&#x41C;.</subfield>
    <subfield code="c">&#x418;&#x441;&#x43A;&#x443;&#x441;&#x441;&#x442;&#x432;&#x43E;</subfield>
    <subfield code="d">1976</subfield>
  </datafield>
  <datafield tag="215" ind1=" " ind2=" ">
    <subfield code="a">160 &#x441;. &#x442;&#x435;&#x43A;&#x441;&#x442;., 171 &#x441;. &#x438;&#x43B;.</subfield>
    <subfield code="d">22 &#x441;&#x43C;.</subfield>
  </datafield>
  <datafield tag="320" ind1=" " ind2=" ">
    <subfield code="a">&#x41F;&#x440;&#x438;&#x43C;&#x435;&#x447;&#x430;&#x43D;&#x438;&#x44F; &#x43F;&#x43E;&#x441;&#x43B;&#x435; &#x43A;&#x430;&#x436;&#x434;&#x43E;&#x439; &#x441;&#x442;&#x430;&#x442;&#x44C;&#x438;.</subfield>
  </datafield>
  <datafield tag="600" ind1=" " ind2="1">
    <subfield code="3">RU\VMP\AUTH\3964</subfield>
    <subfield code="a">&#x41A;&#x438;&#x43F;&#x440;&#x435;&#x43D;&#x441;&#x43A;&#x438;&#x439;</subfield>
    <subfield code="f">1783&#x2013;1836</subfield>
    <subfield code="g">&#x41E;&#x440;&#x435;&#x441;&#x442; &#x410;&#x434;&#x430;&#x43C;&#x43E;&#x432;&#x438;&#x447;</subfield>
    <subfield code="9">3964</subfield>
  </datafield>
  <datafield tag="600" ind1=" " ind2="1">
    <subfield code="2">nlr_sh</subfield>
    <subfield code="a">&#x422;&#x43E;&#x43C;&#x438;&#x43B;&#x43E;&#x432;</subfield>
    <subfield code="f">1779-1848</subfield>
    <subfield code="g">&#x410;&#x43B;&#x435;&#x43A;&#x441;&#x435;&#x439; &#x420;&#x43E;&#x43C;&#x430;&#x43D;&#x43E;&#x432;&#x438;&#x447;</subfield>
    <subfield code="x">&#x43C;&#x435;&#x446;&#x435;&#x43D;&#x430;&#x442;, &#x43A;&#x43E;&#x43B;&#x43B;&#x435;&#x43A;&#x446;&#x438;&#x43E;&#x43D;&#x435;&#x440;</subfield>
  </datafield>
  <datafield tag="600" ind1=" " ind2="1">
    <subfield code="2">nlr_sh</subfield>
    <subfield code="a">&#x41A;&#x443;&#x440;&#x430;&#x43A;&#x438;&#x43D;</subfield>
    <subfield code="f">1752-1818</subfield>
    <subfield code="g">&#x410;&#x43B;&#x435;&#x43A;&#x441;&#x430;&#x43D;&#x434;&#x440; &#x411;&#x43E;&#x440;&#x438;&#x441;&#x43E;&#x432;&#x438;&#x447;</subfield>
  </datafield>
  <datafield tag="600" ind1=" " ind2="1">
    <subfield code="2">nlr_sh</subfield>
    <subfield code="a">&#x424;&#x438;&#x440;&#x441;&#x43E;&#x432;</subfield>
    <subfield code="f">&#x43E;&#x43A;&#x43E;&#x43B;&#x43E; 1733- &#x43F;&#x43E;&#x441;&#x43B;&#x435; 1785</subfield>
    <subfield code="g">&#x418;&#x432;&#x430;&#x43D; &#x418;&#x432;&#x430;&#x43D;&#x43E;&#x432;&#x438;&#x447;</subfield>
    <subfield code="x">&#x445;&#x443;&#x434;&#x43E;&#x436;&#x43D;&#x438;&#x43A;</subfield>
  </datafield>
  <datafield tag="600" ind1=" " ind2="1">
    <subfield code="2">nlr_sh</subfield>
    <subfield code="a">&#x428;&#x438;&#x431;&#x430;&#x43D;&#x43E;&#x432;</subfield>
    <subfield code="f">?- &#x43F;&#x43E;&#x441;&#x43B;&#x435; 1789</subfield>
    <subfield code="g">&#x41C;&#x438;&#x445;&#x430;&#x438;&#x43B;</subfield>
    <subfield code="x">&#x43A;&#x440;&#x435;&#x43F;&#x43E;&#x441;&#x442;&#x43D;&#x43E;&#x439; &#x445;&#x443;&#x434;&#x43E;&#x436;&#x43D;&#x438;&#x43A;</subfield>
  </datafield>
  <datafield tag="606" ind1="1" ind2=" ">
    <subfield code="3">RU\VMP\AUTH\3644</subfield>
    <subfield code="a">&#x418;&#x441;&#x442;&#x43E;&#x440;&#x438;&#x44F; &#x438;&#x441;&#x43A;&#x443;&#x441;&#x441;&#x442;&#x432;&#x430;</subfield>
    <subfield code="y">&#x420;&#x43E;&#x441;&#x441;&#x438;&#x44F;</subfield>
    <subfield code="z">XVIII &#x432;&#x432;.</subfield>
    <subfield code="9">3644</subfield>
  </datafield>
  <datafield tag="606" ind1=" " ind2=" ">
    <subfield code="a">&#x418;&#x41B;&#x41B;</subfield>
    <subfield code="x">&#x432; &#x43E;&#x441;&#x43D;&#x43E;&#x432;&#x43D;&#x43E;&#x43C; - &#x428;&#x438;&#x431;&#x430;&#x43D;&#x43E;&#x432; &#x438; &#x440;&#x430;&#x43D;&#x43D;&#x438;&#x435; &#x440;&#x438;&#x441;&#x443;&#x43D;&#x43A;&#x438; &#x41A;&#x438;&#x43F;&#x440;&#x435;&#x43D;&#x441;&#x43A;&#x43E;&#x433;&#x43E;, &#x432; &#x442;. &#x447;. &#x43D;&#x430; &#x43A;&#x440;&#x435;&#x441;&#x442;&#x44C;&#x44F;&#x43D;&#x441;&#x43A;&#x438;&#x435; &#x442;&#x435;&#x43C;&#x44B;</subfield>
  </datafield>
  <datafield tag="606" ind1="1" ind2=" ">
    <subfield code="3">RU\VMP\AUTH\4244</subfield>
    <subfield code="a">&#x41A;&#x440;&#x435;&#x43F;&#x43E;&#x441;&#x442;&#x43D;&#x430;&#x44F; &#x438;&#x43D;&#x442;&#x435;&#x43B;&#x43B;&#x438;&#x433;&#x435;&#x43D;&#x446;&#x438;&#x44F;</subfield>
    <subfield code="9">4244</subfield>
  </datafield>
  <datafield tag="700" ind1=" " ind2="1">
    <subfield code="4">070</subfield>
    <subfield code="a">&#x410;&#x43B;&#x435;&#x43A;&#x441;&#x435;&#x435;&#x432;&#x430;</subfield>
    <subfield code="b">&#x422;. &#x412;.</subfield>
    <subfield code="f">1920-1991</subfield>
    <subfield code="g">&#x422;&#x430;&#x442;&#x44C;&#x44F;&#x43D;&#x430; &#x412;&#x430;&#x441;&#x438;&#x43B;&#x44C;&#x435;&#x432;&#x43D;&#x430;</subfield>
  </datafield>
  <datafield tag="610" ind1=" " ind2=" ">
    <subfield code="5">43756</subfield>
    <subfield code="a">&#x418;&#x441;&#x43A;&#x443;&#x441;&#x441;&#x442;&#x432;&#x43E;</subfield>
  </datafield>
  <datafield tag="610" ind1=" " ind2=" ">
    <subfield code="5">43757</subfield>
    <subfield code="a">&#x418;&#x441;&#x43A;&#x443;&#x441;&#x441;&#x442;&#x432;&#x43E;</subfield>
  </datafield>
  <datafield tag="942" ind1=" " ind2=" ">
    <subfield code="c">BOOK</subfield>
  </datafield>
  <datafield tag="090" ind1=" " ind2=" ">
    <subfield code="a">43195</subfield>
  </datafield>
  <datafield tag="995" ind1=" " ind2=" ">
    <subfield code="b">VMP</subfield>
    <subfield code="c">VMP</subfield>
    <subfield code="d">&#x411;&#x438;&#x431;&#x43B;&#x424;(&#x41A;&#x420;)</subfield>
    <subfield code="e">&#x411;&#x438;&#x431;&#x43B;&#x424;(&#x41A;&#x420;)</subfield>
    <subfield code="f">&#x411;&#x438;&#x431;&#x43B;&#x424;(&#x41A;&#x420;)40447</subfield>
    <subfield code="h">&#x418;&#x441;&#x43A;&#x443;&#x441;&#x441;&#x442;&#x432;&#x43E;</subfield>
    <subfield code="o">0</subfield>
    <subfield code="r">BOOK</subfield>
  </datafield>
  <datafield tag="995" ind1=" " ind2=" ">
    <subfield code="b">VMP</subfield>
    <subfield code="c">VMP</subfield>
    <subfield code="d">&#x411;&#x438;&#x431;&#x43B;&#x424;(&#x41A;&#x420;)</subfield>
    <subfield code="e">&#x411;&#x438;&#x431;&#x43B;&#x424;(&#x41A;&#x420;)</subfield>
    <subfield code="f">&#x411;&#x438;&#x431;&#x43B;&#x424;(&#x41A;&#x420;)40448</subfield>
    <subfield code="h">&#x418;&#x441;&#x43A;&#x443;&#x441;&#x441;&#x442;&#x432;&#x43E;</subfield>
    <subfield code="o">0</subfield>
    <subfield code="r">BOOK</subfield>
  </datafield>
</record>
